[Event "XX Sant Marti Open 2018"]
[Site "Sant Marti"]
[Date "2018.07.19"]
[Round "7"]
[White "Neelash Saha"]
[Black "Miciano, John Marvin"]
[Result "1/2-1/2"]
[WhiteElo "2319"]
[BlackElo "2411"]
[Annotator "TA"]
[PlyCount "52"]
[EventDate "2018.07.13"]
[EventType "swiss"]
[EventCountry "ESP"]
[SourceTitle "playchess.com"]
[Source "ChessBase"]
[SourceQuality "1"]

{[%evp 13,52,20,36,30,15,15,43,0,0,0,12,19,10,6,14,0,7,-1,0,0,10,0,7,4,29,11,33,19,50,0,0,0,3,0,0,0,14,0,0,0,118]} 1. d4 g6 2. e4 Bg7 3. Nc3 d6 4. Be2 Nf6 5. h4 h5 6. Nf3 c6 7. Ng5 b5 {LiveBook: 5 Games} 8. a3 {B07: Pirc Defence: Miscellaneous Systems} (8. Be3 Ng4 9. Bc1 Qb6 10. Be3 e5 11. Bxg4 Bxg4 12. f3 exd4 13. fxg4 dxe3 14. Qxd6 Qd4 15. Qxd4 Bxd4 16. gxh5 Rxh5 {1-0 (54) Ponkratov,P (2568)-Matveev,V (2222) Cheliabinsk 2011}) 8... O-O 9. Bf4 a6 10. Bf3 $146 {White is slightly better.} ({Predecessor:} 10. O-O Bb7 11. Bf3 e6 12. Qe2 Qe7 {0-1 (58) Lagvilava,G (2299)-Foisor,C (2408) Warsaw 2001}) 10... Ng4 11. Be2 e5 12. dxe5 dxe5 13. Qxd8 Rxd8 14. Bc1 Nd7 15. f3 Ngf6 16. Be3 Nf8 17. Bb6 Re8 18. O-O-O N6h7 19. Nxh7 Kxh7 20. Rd6 Bb7 21. Rhd1 Kg8 {The position is equal.} 22. Na2 Ne6 23. Rd7 Bc8 24. R7d6 Bb7 25. Rd7 Bc8 {Threatens to win with ...Rb8.} 26. R7d6 Nf8 {Precision: White = 40%, Black = 49%.} (26... c5 $11 {remains equal.}) 1/2-1/2

[Event "XX Sant Marti Open 2018"]
[Site "Sant Marti"]
[Date "2018.07.19"]
[Round "7"]
[White "Mitrabha, Guha"]
[Black "Guseinov, Gadir"]
[Result "0-1"]
[WhiteElo "2299"]
[BlackElo "2654"]
[Annotator "TA"]
[PlyCount "64"]
[EventDate "2018.07.13"]
[EventType "swiss"]
[EventCountry "ESP"]
[SourceTitle "playchess.com"]
[Source "ChessBase"]
[SourceQuality "1"]

{[%evp 13,64,-10,-14,0,-8,-12,-6,-6,-6,-2,0,-32,-17,-15,0,-26,-8,-35,-12,-38,-21,-15,-14,-80,-79,-100,-105,-114,-104,-111,-110,-157,-160,-208,-209,-208,-208,-205,-206,-213,-203,-197,-208,-376,-286,-474,-465,-2668,-2481,-29994,-29995,-29995,-1767]} 1. d4 g6 2. Nf3 Bg7 3. g3 c5 4. c3 Qa5 5. Nbd2 cxd4 6. Nb3 {A40: Verschiedene (seltene) Antworten auf 1.d4} Qb6 7. Nbxd4 Nf6 {LiveBook: 3 Partien} 8. Bg2 {Die Stellung ist ausgeglichen.} O-O 9. O-O Nc6 10. Qb3 Qc7 11. Rd1 $146 ({Vorgänger:} 11. Qa4 Rb8 12. Nb5 Qb6 13. c4 {1-0 (37) Duda,J (2724)-Heberla,B (2570) Zgierz 2018}) 11... d6 12. h3 Bd7 13. Qc2 Rac8 14. Bg5 a6 15. Qc1 Rfe8 16. Nc2 b5 17. Ne3 Be6 18. Nd4 (18. h4 $11 {bleibt in der Remisbreite.}) 18... Nxd4 $17 19. cxd4 Qd7 20. Qd2 Bxh3 21. Bxf6 Bxf6 22. Nd5 {[#] Schwarz sollte Sb6 verhindern.} Bxg2 $1 23. Nxf6+ exf6 24. Kxg2 Qf5 25. Rac1 Rxc1 26. Rxc1 $19 {[%mdl 4096] Endspiel KDT-KDT} Qe4+ 27. Kg1 Qxe2 28. Qb4 $2 (28. Qxe2 Rxe2 29. Rc8+ Kg7 30. Ra8) 28... d5 29. Rc6 $2 (29. Qb3) 29... Kg7 30. Rxa6 (30. Qd6 $142 Qe1+ 31. Kg2 Qe4+ 32. Kg1 Qxd4 33. Qf4 Qxb2 34. Rxa6) 30... Rc8 {[#] ( -> ...Tc1+)} 31. Qb3 Rc1+ 32. Kg2 Qe4+ {Precision: Weiß = 30%, Schwarz = 60%.} (32... Qe1 $142 33. Qd1 Rxd1 34. Kh3 Qh1+ 35. Kg4 Rxd4+ 36. f4 h5#) 0-1

[Event "XX Sant Marti Open 2018"]
[Site "Sant Marti"]
[Date "2018.07.19"]
[Round "7"]
[White "Serarols Mabras, Bernat"]
[Black "Perez Mitjans, Orelvis"]
[Result "0-1"]
[WhiteElo "2269"]
[BlackElo "2399"]
[Annotator "TA"]
[PlyCount "80"]
[EventDate "2018.07.13"]
[EventType "swiss"]
[EventCountry "ESP"]
[SourceTitle "playchess.com"]
[Source "ChessBase"]
[SourceQuality "1"]

{[%evp 25,80,63,106,0,0,0,0,0,0,0,0,0,0,0,0,0,0,-18,-32,-31,-33,-55,-37,-41,-9,-15,-4,-95,-93,-93,-103,-116,-111,-106,-108,-114,-111,-108,-98,-160,-159,-156,-137,-172,-162,-171,-157,-152,-150,-314,-323,-413,-408,-392,-363,-404,-388]} 1. d4 Nf6 2. c4 c5 3. d5 e6 4. Nc3 exd5 5. cxd5 g6 6. e4 d6 7. Bd3 Bg7 8. h3 O-O 9. Nf3 b5 10. Nxb5 Nxe4 11. Bxe4 Re8 12. Ng5 Qa5+ 13. Nc3 Ba6 {LiveBook: 22 Games} 14. Qf3 {A70: Modern Benoni: 6 e4 g6 7 Nf3} (14. Qc2 $16) (14. Bd2 Nd7 15. Qc2 Rab8 16. O-O-O Ne5 17. Rhe1 Rec8 18. Na4 Rb4 19. f4 Nc4 20. Bf5 Rcb8 21. Bxb4 Qxb4 {½-½ (37) Jobava,B (2717)-Mamedyarov,S (2764) Tashkent 2014 CBM 163 [Gormally,D]}) 14... f5 $11 15. Kd1 $1 Bxc3 $1 16. Qxc3 {The position is equal.} Qxc3 17. bxc3 fxe4 18. Ne6 $146 {[#] aiming for Nc7.} ({Predecessor:} 18. Re1 Nd7 19. Nxe4 Re5 20. Rb1 Rxd5+ 21. Bd2 Rf8 22. Rb3 Ne5 23. f3 Nd3 24. Rg1 Nf4 25. Ra3 Be2+ {½-½ (25) Sattarov,F-Sumkin,A Russia 1991}) 18... Rc8 19. Bf4 Bc4 20. Bxd6 {Nc7 is the strong threat.} Na6 21. Re1 Bxd5 22. Nf4 Bf7 {Strongly threatening ...Rd8.} 23. Kc1 Rc6 24. Be7 Re8 25. Bg5 $1 Nc7 26. Kc2 (26. Rb1 $11 {keeps the balance.}) 26... Kg7 $17 {White must now prevent ...h6.} 27. Ne2 Bc4 28. Nc1 h6 $36 {[%mdl 2048] White is under strong pressure.} 29. Be3 Nd5 30. Rb1 Re7 31. Rb8 Rf7 32. Kd2 (32. Rd1 $142) 32... Rb6 33. Rxb6 axb6 34. a4 Ra7 35. Kc2 Rxa4 36. Bd2 g5 37. Rxe4 $2 {[#]} (37. Kb2 $17) 37... Bb3+ $1 $19 {[%mdl 512]} 38. Nxb3 Rxe4 {Black is winning.} 39. Kd3 Ra4 40. Nc1 Nf4+ {Precision: White = 45%, Black = 90%.} 0-1

[Event "XX Sant Marti Open 2018"]
[Site "Sant Marti"]
[Date "2018.07.20"]
[Round "8"]
[White "Guseinov, Gadir"]
[Black "Quesada Perez, Yasser"]
[Result "1-0"]
[WhiteElo "2654"]
[BlackElo "2531"]
[Annotator "TA"]
[PlyCount "219"]
[EventDate "2018.07.13"]
[EventType "swiss"]
[EventCountry "ESP"]
[SourceTitle "playchess.com"]
[Source "ChessBase"]
[SourceQuality "1"]

{[%evp 26,219,0,0,7,0,1,0,0,12,23,0,10,-23,-1,-36,0,0,15,14,14,17,17,5,8,7,27,27,31,0,9,11,8,8,22,12,15,8,6,8,10,10,10,10,9,6,10,4,10,11,25,0,0,0,0,0,0,0,0,0,0,0,0,1,12,8,16,16,16,16,18,16,16,16,16,15,19,19,19,16,19,18,20,16,19,19,20,19,19,20,29,16,16,16,16,16,16,16,16,16,16,16,19,19,19,19,20,20,27,20,20,20,27,12,12,12,41,27,63,63,64,34,34,1,4,0,0,0,0,0,0,0,8,8,8,8,26,12,12,10,34,26,26,16,34,34,41,27,34,26,41,41,41,34,41,34,34,27,34,0,34,0,41,34,41,20,41,0,41,41,41,34,41,16,34,27,34,34,34,34,34,34,34,34,83,83,83,83,29980,29981,29981,29982,29982,29983,29982,29981]} 1. e4 e5 2. Nf3 Nc6 3. Bb5 Nf6 4. O-O Nxe4 5. d4 Nd6 6. Bxc6 dxc6 7. dxe5 Nf5 8. Qxd8+ Kxd8 9. h3 h5 {C67: Ruy Lopez: Berlin Defence: 4 0-0 Nxe4} (9... Ke8 10. Nc3 b6 11. Bf4 Bb4 12. Ne4 Ba6 13. Rfc1 Be2 14. Nh2 Bc4 15. Rd1 Bd5 16. c3 Bxe4 17. cxb4 Rd8 18. e6 fxe6 19. Bxc7 Rxd1+ 20. Rxd1 {1-0 (51) Vachier Lagrave,M (2789)-Anand,V (2759) Leuven 2018}) 10. Rd1+ Ke8 11. Nc3 {[%cal Bb1c3,Bc3e2,Be2f4][%mdl 32]} Be7 12. Ne2 Be6 13. Nf4 Bc8 14. Ne2 {LiveBook: 61 Games} Be6 {[%cal Bc8e6,Be6d5,Bd5e4][%mdl 32]} 15. b3 Bd5 16. Nfd4 Nxd4 17. Nxd4 {[#]} Be4 $146 ({Predecessor:} 17... h4 18. Nf5 Be4 19. Nxe7 Kxe7 20. Rd4 Bxc2 {1-0 (46) Lagarde,M (2587)-Nihal,S (2534) Reykjavik 2018}) 18. f3 Bh7 19. g4 Rd8 {...c5 is the strong threat.} 20. Be3 Bc5 21. c4 Bxd4 22. Rxd4 Rxd4 23. Bxd4 $11 {[%mdl 4096] Endgame KRB-KRB} b6 24. Be3 Kd7 25. Rd1+ Kc8 26. Bg5 c5 27. Rd2 a5 28. Kg2 hxg4 29. hxg4 Rf8 30. Kg3 f6 31. Bf4 Rd8 32. Rh2 Bb1 33. exf6 gxf6 34. Bh6 Rd7 35. Rb2 Bd3 36. Bd2 Kd8 37. Bc3 Ke7 38. Kf4 Rd6 39. g5 fxg5+ 40. Kxg5 a4 41. Be5 Rg6+ 42. Kf4 axb3 43. axb3 b5 44. cxb5 Bxb5 45. Bxc7 c4 46. Be5 cxb3 47. Rxb3 Bc4 48. Rb7+ Ke6 49. Rb6+ Kf7 50. Rb4 Bd3 51. Rb7+ Ke6 52. Bd4 Bc2 53. Ra7 Bd3 54. Ke3 Bc2 55. Rc7 Bb1 56. Rc5 Rg8 57. Re5+ Kd6 58. f4 Rg3+ 59. Kf2 Rd3 60. Bc5+ Kc6 61. Be7 Rd5 62. Re1 Bf5 63. Kg3 Rd2 64. Kh4 Rg2 65. Kh5 Kd7 66. Bg5 Rh2+ 67. Bh4 Rg2 68. Re5 Bc2 69. f5 {[%cal Bf4f5,Bf5f6][%mdl 32]} Kd6 70. Ra5 Bb3 71. Bg5 Bf7+ 72. Kh6 Bc4 73. f6 Ke6 74. Kg6 Bd3+ $1 75. Kg7 {Black must now prevent f7.} Rb2 76. Ra7 Rg2 77. Ra5 Rb2 78. Bh4 Rb7+ 79. Kh6 Rh7+ 80. Kg5 Rh8 81. Ra7 Rh7 82. Ra3 (82. Ra1 {seems wilder.} Rb7 83. Re1+ Kf7 84. Bg3 Rb5+ 85. Be5) 82... Bc2 83. Re3+ Kf7 $1 84. Rc3 Bb1 85. Bg3 Be4 86. Rc8 Bb1 87. Bd6 Bd3 88. Ba3 Bb1 89. Rc1 Bd3 90. Bb2 Be4 91. Kf4 Bd3 92. Kg5 Be4 93. Ba3 Bd3 94. Bb4 Ke6 95. Rc8 Bb1 96. Ba3 Bd3 97. Rc6+ Kf7 98. Rc1 Ke6 99. Bb2 Kf7 100. Kf4 Kg6 101. Ke5 Kf7 102. Bd4 Rh5+ 103. Kd6 Rh7 104. Rc7+ Ke8 105. f7+ Kf8 {[#]} 106. Ke6 $1 {[%cal Rc7c8]} Rh6+ $2 {[%mdl 8192]} (106... Bc4+ $16 107. Rxc4 Rh6+ 108. Kf5 (108. Bf6 Rxf6+ 109. Kxf6 $11) 108... Kxf7) 107. Ke5 {White mates.} Rh5+ 108. Kf6 {[%cal Rc7c8]} Rh6+ {[#]} 109. Kg5 $1 Rg6+ 110. Kh5 {Precision: White = 48%, Black = 57%.} 1-0

[Event "XX Sant Marti Open 2018"]
[Site "Sant Marti"]
[Date "2018.07.20"]
[Round "8"]
[White "Krysa, Leandro"]
[Black "Gorti, Akshita"]
[Result "1-0"]
[WhiteElo "2533"]
[BlackElo "2255"]
[Annotator "TA"]
[PlyCount "101"]
[EventDate "2018.07.13"]
[EventType "swiss"]
[EventCountry "ESP"]
[SourceTitle "playchess.com"]
[Source "ChessBase"]
[SourceQuality "1"]

{[%evp 19,101,-13,0,-6,22,21,21,0,0,-52,-72,-84,0,0,-29,0,0,-4,0,-7,0,-69,-40,-90,35,20,45,45,45,45,54,22,67,65,67,63,54,28,112,118,130,126,337,349,340,290,326,306,309,339,337,319,304,298,316,246,340,324,731,637,1026,1018,968,966,1241,1152,1545,1522,1885,1857,2214,2173,1947,1687,2221,2034,29969,29971,29970,29970,29976,29977,29956,29950]} 1. c4 e6 2. Nc3 d5 3. e3 Nf6 4. Nf3 Be7 5. b3 O-O 6. Bb2 c5 7. cxd5 Nxd5 8. Qc2 {A13: Reti-Eröffnung} Nc6 {[%cal Bb8c6,Bc6a5,Ba5c4][%mdl 32]} 9. h4 f5 10. a3 b6 {LiveBook: 3 Partien} 11. Nxd5 Qxd5 $146 ({Vorgänger:} 11... exd5 12. d4 Be6 13. Ng5 Bxg5 14. hxg5 c4 15. g6 hxg6 16. bxc4 {1-0 (86) Cheparinov,I (2689)-Fridman,D (2594) Caleta 2017}) 12. Bc4 Qd6 13. g4 Na5 {zielt auf ...Lb7 ab.} 14. Ne5 (14. Rg1 $11) 14... Nxc4 $15 15. bxc4 Bf6 (15... Bb7 $17 16. Rh2 f4) 16. f4 $1 $11 Bb7 17. Rg1 Bxh4+ 18. Ke2 $1 Bf6 19. gxf5 exf5 20. Rg3 (20. Qxf5 $11 Rae8 21. Raf1) 20... Rae8 {[%cal Rf6e5]} 21. Rag1 Re7 ({Lieber} 21... Qe6 $1 $17) 22. Qxf5 $14 {Und weiter mit Th3 wäre nett.} Bxe5 23. Qxe5 Qxe5 ({Nicht} 23... Rxe5 $2 24. Rxg7+ (24. Bxe5 Bf3+ 25. Ke1 Qg6 $18) 24... Kh8 25. Bxe5 $18) 24. Bxe5 {[%cal Rg3g7]} Rff7 25. d4 {Schwarz muss nun d5 beachten.} cxd4 26. exd4 g6 27. Kd3 Re8 28. a4 Bc8 (28... Rc8 $11) 29. d5 $16 {[%cal Bd4d5,Bd5d6][%mdl 32]} Bf5+ 30. Kd4 h5 $2 (30... Ree7 $16 {ist eine bessere Verteidigung.} 31. a5 Rb7 32. axb6 Rxb6) 31. Rxg6+ $18 Bxg6 32. Rxg6+ {[%mdl 4096] Endspiel KTT-KTL} Kh7 33. Rg5 Kh6 34. d6 $1 h4 {[#]} 35. Kd5 $1 Rh7 36. Rg1 Kh5 37. f5 h3 {beabsichtigt ...Td8.} 38. a5 Rf8 $2 (38... Rd8 39. f6 Rc7) 39. f6 Kh4 40. Rg7 Rh5 41. Ke6 {[%csl Gg7][%cal Re5g3]} Re8+ 42. Re7 Reh8 43. f7 Rxe5+ 44. Kxe5 {jetzt Te8 und aus. KT-KT} h2 45. f8=Q ({Schlechter ist} 45. Re8 Rh5+ 46. Kd4 h1=Q $11) 45... Rxf8 46. Rh7+ Kg3 47. axb6 axb6 {[#]} 48. d7 $1 {Weiß setzt Matt.} Kg2 49. Ke6 Ra8 50. Ke7 Ra7 51. Ke8 {Precision: Weiß = 74%, Schwarz = 35%.} 1-0

[Event "XX Sant Marti Open 2018"]
[Site "Sant Marti"]
[Date "2018.07.20"]
[Round "8"]
[White "Alonso Rosell, Alvar"]
[Black "Neelash Saha"]
[Result "1-0"]
[WhiteElo "2523"]
[BlackElo "2319"]
[Annotator "TA"]
[PlyCount "77"]
[EventDate "2018.07.13"]
[EventType "swiss"]
[EventCountry "ESP"]
[SourceTitle "playchess.com"]
[Source "ChessBase"]
[SourceQuality "1"]

{[%evp 21,76,34,63,42,79,61,54,59,68,59,52,53,103,61,139,114,168,169,183,114,106,106,114,88,79,73,78,49,127,73,133,150,145,143,214,143,133,93,114,75,217,122,184,180,175,100,98,103,85,92,29990,29991,29991,29992,29992,29993,29999]} 1. d4 e6 2. c4 Nf6 3. Nf3 d5 4. Nc3 Bb4 5. Qa4+ Nc6 6. e3 O-O 7. Bd2 a6 8. a3 {D38: Queen's Gambit Declined: Ragozin Defence (4 Nf3 Bb4)} Bxc3 9. Bxc3 Ne4 10. Qc2 Nxc3 11. Qxc3 Re8 {LiveBook: 3 Games} 12. Rd1 Qe7 $146 ({Predecessor:} 12... Bd7 13. Bd3 dxc4 14. Bxc4 Ne7 15. e4 Bb5 16. b3 Qd6 17. a4 Bxc4 18. bxc4 c5 19. O-O cxd4 20. Rxd4 Qc7 21. Rfd1 {½-½ (21) Krasenkow,M (2647)-Kortschnoj,V (2676) Batumi 1999}) 13. Be2 {[%cal Bf1e2,Be2c4,Bc4a2][%mdl 32]} Bd7 14. O-O dxc4 15. Bxc4 Na7 16. Rfe1 Bb5 17. Ba2 Rec8 (17... Rac8 $14) 18. d5 $16 Bd7 (18... exd5 $16 {was necessary.} 19. Rxd5 Be8) 19. Ne5 $18 exd5 20. Nxd7 ({Better is} 20. Bxd5 $18 Nb5 21. Bxf7+ Qxf7 22. Qc5 (22. Nxf7 Nxc3 23. Rxd7 Na4 $16)) 20... Qxd7 $16 21. Rxd5 Qe7 22. Re5 Qf6 23. Qc5 Nb5 24. f4 Qd6 (24... c6 $14) 25. Qc2 ({White should try} 25. Bxf7+ Kxf7 26. Qc4+ Kf6 27. a4) 25... Qd7 (25... Rd8 $142) 26. Rd1 Nd6 27. e4 {[%cal Be3e4,Be4e5][%mdl 32]} Qg4 (27... Qc6 $16 28. Qxc6 bxc6) 28. Rf1 Qd7 29. h3 c6 30. Rd1 {Threatens to win with Rh5.} Qc7 {[#]} (30... Rd8 $16) 31. Rg5 (31. Rh5 $1 $18 g6 32. e5) 31... Qe7 (31... Rf8 $16) 32. e5 $18 Nb5 33. Rf5 (33. a4 $18) 33... Rf8 $16 34. a4 {Strongly threatening e6.} Nc7 {[#]} 35. Rd6 $1 $40 {[%mdl 128] White wants to mate with Rh5. White is out for blood.} Ne8 $2 {[%mdl 8192] [#]} (35... Nd5 $16) 36. Rh5 $1 {[%csl Gh5][%cal Rc2h7][%mdl 512] White mates.} h6 {[#]} 37. Rdxh6 $1 {[%mdl 512]} gxh6 38. Rxh6 {[%csl Gh6][%cal Rc2h7]} Nf6 39. Qg6# {Precision: White = 64%, Black = 35%.} 1-0

[Event "XX Sant Marti Open 2018"]
[Site "Sant Marti"]
[Date "2018.07.20"]
[Round "8"]
[White "Cori Quispe, Kevin Joel"]
[Black "Vidarte Morales, Arturo"]
[Result "1-0"]
[WhiteElo "2487"]
[BlackElo "2381"]
[Annotator "ChessBase"]
[PlyCount "95"]
[EventDate "2018.07.13"]
[EventType "swiss"]
[EventCountry "ESP"]
[SourceTitle "playchess.com"]
[Source "ChessBase"]
[SourceQuality "1"]
[TimeControl "5400+30"]

1. e4 {[%emt 0:00:00]} c5 {[%emt 0:00:00]} 2. Nf3 {[%emt 0:00:00]} d6 {[%emt 0:00:00]} 3. d4 {[%emt 0:00:10]} cxd4 {[%emt 0:00:00]} 4. Nxd4 {[%emt 0:00:09]} Nf6 {[%emt 0:00:00]} 5. Nc3 {[%emt 0:00:08]} Nc6 {[%emt 0:00:00]} 6. Bg5 {[%emt 0:00:15]} e6 {[%emt 0:00:00]} 7. Qd2 {[%emt 0:00:35]} a6 {[%emt 0:00:01]} 8. O-O-O {[%emt 0:00:28]} Bd7 {[%emt 0:00:13]} 9. f3 {[%emt 0:01:18]} Rc8 {[%emt 0:00:34]} 10. Nxc6 {[%emt 0:00:44]} Bxc6 {[%emt 0:00:05]} 11. Kb1 {[%emt 0:00:18]} h6 {[%emt 0:00:39]} 12. Be3 {[%emt 0:00:48]} h5 {[%emt 0:00:37]} 13. h4 {[%emt 0:00:52]} b5 {[%emt 0:00:08]} 14. Bg5 {[%emt 0:00:51]} Be7 {[%emt 0:00:36]} 15. Bd3 {[%emt 0:00:45]} Qa5 {[%emt 0:02:56]} 16. Rhe1 {[%emt 0:07:49]} Bb7 {[%emt 0:04:58]} 17. g3 {[%emt 0:06:58]} e5 {[%emt 0:08:11]} 18. Bf1 {[%emt 0:01:06]} Rxc3 {[%emt 0:02:05]} 19. Qxc3 {[%emt 0:00:13]} Qxc3 {[%emt 0:00:05]} 20. bxc3 {[%emt 0:00:04]} Nd7 {[%emt 0:00:32]} 21. c4 {[%emt 0:00:49]} b4 {[%emt 0:00:14]} 22. Bd2 {[%emt 0:00:26]} a5 {[%emt 0:00:21]} 23. c3 {[%emt 0:00:31]} bxc3 {[%emt 0:00:37]} 24. Bxc3 {[%emt 0:00:06]} a4 {[%emt 0:00:20]} 25. c5 {[%emt 0:06:32]} Nxc5 {[%emt 0:01:39]} 26. Bb5+ {[%emt 0:00:14]} Kf8 {[%emt 0:00:12]} 27. Bb4 {[%emt 0:00:24]} Ne6 {[%emt 0:01:49]} 28. Bxa4 {[%emt 0:02:54]} Nd4 {[%emt 0:01:05]} 29. Rd3 {[%emt 0:05:00]} Ba6 {[%emt 0:02:36]} 30. Ra3 {[%emt 0:02:01]} g6 {[%emt 0:00:33]} 31. Bd1 {[%emt 0:01:13]} Bc8 {[%emt 0:03:43]} 32. Ra8 {[%emt 0:01:56]} Kg7 {[%emt 0:00:09]} 33. Re3 {[%emt 0:00:18]} Nc6 {[%emt 0:03:44]} 34. Rc3 {[%emt 0:00:55]} Bb7 {[%emt 0:06:11]} 35. Rxh8 {[%emt 0:00:12]} Kxh8 {[%emt 0:00:05]} 36. a3 {[%emt 0:01:05]} f5 {[%emt 0:00:50]} 37. exf5 {[%emt 0:01:28]} gxf5 {[%emt 0:00:25]} 38. Bc2 {[%emt 0:00:14]} e4 {[%emt 0:01:23]} 39. fxe4 {[%emt 0:00:25]} Bf6 {[%emt 0:00:05]} 40. Rc4 {[%emt 0:02:25]} Ne5 {[%emt 0:01:15]} 41. Rc7 {[%emt 0:00:44]} Bxe4 {[%emt 0:00:09]} 42. Bxd6 {[%emt 0:01:10]} Nf3 {[%emt 0:00:29]} 43. Bf4 {[%emt 0:06:05]} Nd4 {[%emt 0:00:33]} 44. Bxe4 {[%emt 0:00:17]} fxe4 {[%emt 0:00:03]} 45. a4 {[%emt 0:00:22]} Ne2 {[%emt 0:00:22]} 46. a5 {[%emt 0:01:48]} Nxf4 {[%emt 0:00:17]} 47. gxf4 {[%emt 0:00:05]} e3 {[%emt 0:00:35]} 48. Kc2 {[%emt 0:00:18]} 1-0

[Event "XX Sant Marti Open 2018"]
[Site "Sant Marti"]
[Date "2018.07.20"]
[Round "8"]
[White "Pena Gomez, Manuel"]
[Black "Martinez Alcantara, Jose Eduardo"]
[Result "1/2-1/2"]
[WhiteElo "2475"]
[BlackElo "2545"]
[Annotator "TA"]
[PlyCount "83"]
[EventDate "2018.07.13"]
[EventType "swiss"]
[EventCountry "ESP"]
[SourceTitle "playchess.com"]
[Source "ChessBase"]
[SourceQuality "1"]

{[%evp 14,83,0,-12,27,34,31,31,37,43,36,42,35,35,47,42,79,78,71,67,95,20,29,0,37,0,34,27,62,63,120,117,123,130,223,220,184,188,431,435,450,428,384,393,468,483,472,463,424,388,388,379,384,368,343,210,233,175,142,54,53,53,212,225,212,0,0,0,0,0,8,0]} 1. g3 c5 2. Bg2 Nc6 3. c4 g6 4. Nc3 Bg7 5. e4 a6 6. Nge2 b5 7. d3 {A36: Symmetrical English vs ...g6: 4 Bg2 Bg7} Rb8 (7... b4 8. Nd5 e6 9. Ne3 Nge7 10. O-O Bb7 11. Rb1 O-O 12. b3 Qa5 {½-½ (12) Lazic,M (2469)-Markovic,I (2469) Palic 2014}) 8. O-O {LiveBook: 30 Games} bxc4 9. dxc4 {White has an edge.} d6 $146 ({Predecessor:} 9... Nf6 10. f4 d6 11. e5 {1-0 (11) Pohl,W (2148)-Fox,P Bad Wildbad 2003}) 10. b3 Nf6 11. h3 O-O 12. Be3 e5 13. f4 Nd4 14. f5 gxf5 15. Bg5 $1 h6 16. Bh4 $1 Be6 17. Nd5 (17. exf5 $16 Nxf5 18. Bxf6 Qxf6 19. Qd3) 17... Bxd5 $1 $11 18. exd5 {Hoping for Nxd4.} Qe8 19. Kh1 Nd7 20. Nxd4 cxd4 21. Qh5 $1 {[#]} f4 $1 {[%mdl 512] [#]} 22. Qf5 $1 $36 {[%mdl 2048] Black must now prevent Be4. White is in control.} (22. gxf4 f5) 22... Nc5 23. gxf4 Qc8 (23... f6 $16 {is a better defense.}) 24. fxe5 $18 Qxf5 25. Rxf5 dxe5 $2 (25... Bxe5 26. Be7 f6) 26. Be7 Rfc8 27. Rg1 e4 28. d6 ({Resist} 28. Bxc5 Rxc5 29. Bxe4 Rb6 $18) 28... d3 {[#]} 29. b4 $1 {[%mdl 512]} Ne6 (29... Rxb4 30. Rxc5) 30. Bxe4 Rxc4 31. Bxd3 Rd4 32. Bxa6 Rbxb4 33. Rf2 Rb8 34. Rc2 Kh7 35. Bc4 {Threatens to win with Bxe6.} Ng5 36. Rg3 ({Better is} 36. Bb3 $16) 36... Ne4 $1 $14 {[%cal Re4g3]} 37. Bd3 {And now d7! would win.} f5 $2 (37... Be5 $14 38. Rf3 f5) 38. Bxe4 $1 $18 fxe4 {[#]} 39. Rcg2 $2 (39. Rc7 $1 $18 Rd3 40. Rxd3 exd3 41. Rc1 (41. Bf6 Kg6 $17)) 39... Be5 $11 {The position is equal.} 40. Rb3 Rxb3 41. axb3 Bxd6 42. Bxd6 {Precision: White = 71%, Black = 49%.} 1/2-1/2

[Event "XX Sant Marti Open 2018"]
[Site "Sant Marti"]
[Date "2018.07.20"]
[Round "8"]
[White "Aguero Jimenez, Luis Lazaro"]
[Black "Cuartas, Jaime Alexander"]
[Result "1-0"]
[WhiteElo "2473"]
[BlackElo "2508"]
[Annotator "ChessBase"]
[PlyCount "81"]
[EventDate "2018.07.13"]
[EventType "swiss"]
[EventCountry "ESP"]
[SourceTitle "playchess.com"]
[Source "ChessBase"]
[SourceQuality "1"]
[TimeControl "5400+30"]

1. e4 e5 {[%emt 0:00:19]} 2. Nf3 {[%emt 0:00:00]} Nc6 {[%emt 0:00:11]} 3. Bb5 {[%emt 0:00:00]} a6 {[%emt 0:00:06]} 4. Ba4 {[%emt 0:00:00]} Nf6 {[%emt 0:00:05]} 5. O-O {[%emt 0:00:01]} b5 {[%emt 0:00:05]} 6. Bb3 {[%emt 0:00:01]} Bb7 {[%emt 0:00:07]} 7. d3 {[%emt 0:00:11]} Bc5 {[%emt 0:00:18]} 8. a4 {[%emt 0:01:21]} O-O {[%emt 0:00:23]} 9. Nc3 {[%emt 0:00:19]} b4 {[%emt 0:00:46]} 10. Nd5 {[%emt 0:00:19]} Nxd5 {[%emt 0:07:29]} 11. Bxd5 {[%emt 0:00:06]} d6 {[%emt 0:00:08]} 12. a5 {[%emt 0:02:49]} Rb8 {[%emt 0:01:40]} 13. c3 {[%emt 0:02:20]} Ne7 {[%emt 0:00:17]} 14. Bc4 {[%emt 0:03:25]} bxc3 {[%emt 0:04:09]} 15. bxc3 {[%emt 0:00:08]} Ba7 {[%emt 0:00:11]} 16. Be3 {[%emt 0:02:49]} Bxe3 {[%emt 0:04:50]} 17. fxe3 {[%emt 0:00:53]} d5 {[%emt 0:00:07]} 18. exd5 {[%emt 0:00:30]} Nxd5 {[%emt 0:00:06]} 19. Qd2 {[%emt 0:55:04]} Qd6 {[%emt 0:02:18]} 20. e4 {[%emt 0:01:18]} Nf6 {[%emt 0:01:20]} 21. Qa2 {[%emt 0:01:27]} Rbe8 {[%emt 0:03:18]} 22. Rab1 {[%emt 0:06:19]} Bc8 {[%emt 0:01:06]} 23. Ng5 {[%emt 0:00:56]} Be6 {[%emt 0:03:54]} 24. Nxe6 {[%emt 0:00:13]} fxe6 {[%emt 0:00:04]} 25. Kh1 {[%emt 0:03:13]} Kh8 {[%emt 0:01:15]} 26. Qe2 {[%emt 0:00:42]} Qc5 {[%emt 0:02:30]} 27. Ra1 {[%emt 0:00:50]} Ra8 {[%emt 0:00:43]} 28. Rf3 {[%emt 0:06:42]} h6 {[%emt 0:07:41]} 29. Qe3 {[%emt 0:04:13]} Qe7 {[%emt 0:03:42]} 30. Raf1 {[%emt 0:00:35]} Kh7 {[%emt 0:02:17]} 31. Qe1 {[%emt 0:03:12]} Qd6 {[%emt 0:04:19]} 32. Qh4 {[%emt 0:01:17]} Nd7 {[%emt 0:01:52]} 33. Qg4 {[%emt 0:00:41]} Rxf3 {[%emt 0:02:31]} 34. Rxf3 {[%emt 0:01:11]} Rf8 {[%emt 0:02:58]} 35. Qxe6 {[%emt 0:02:20]} Qa3 {[%emt 0:04:36]} 36. h4 {[%emt 0:00:31]} Qc1+ {[%emt 0:00:26]} 37. Kh2 {[%emt 0:00:03]} Nf6 {[%emt 0:00:46]} 38. Rxf6 {[%emt 0:01:32]} Rxf6 {[%emt 0:00:12]} 39. Qg8+ {[%emt 0:00:02]} Kg6 {[%emt 0:00:15]} 40. Qe8+ {[%emt 0:00:05]} Kh7 {[%emt 0:00:12]} 41. Bg8+ {[%emt 0:00:06]} 1-0